Pays les plus peuplés d’Asie - Statistiques

Statistiques générales
  • Ce quiz a été pris 107 fois
  • Le résultat moyen est 9 sur 10
Réponses sur la Carte
Les réponses sont colorées sur une échelle allant du rouge au vert en fonction du pourcentage des utilisateurs qui les ont devinées à leur premier essai. Vous pouvez retrouver ces pourcentages ci-dessous.
 
Statistiques - réponses
Classement Population Nom du pays % Correct
2 1 410 000 000 Chine
100%
1 1 450 000 000 Inde
99%
6 123 000 000 Japon
98%
3 283 000 000 Indonésie
96%
4 251 000 000 Pakistan
94%
10 71 000 000 Thaïlande
92%
5 173 000 000 Bangladesh
87%
9 91 000 000 Iran
86%
7 115 000 000 Philippines
85%
8 100 000 000 Viet Nam
82%
Aucun quiz correspondant
Distribution des résultats
% des personnes avec chaque résultat
Percentile par nombre de réponses
Votre historique - résultats
Vous n’avez pas pris ce quiz